<?xml version="1.0" encoding="UTF-8"?>
<record
    xmlns:xsi="http://www.w3.org/2001/XMLSchema-instance"
    xsi:schemaLocation="http://www.loc.gov/MARC21/slim http://www.loc.gov/standards/marcxml/schema/MARC21slim.xsd"
    xmlns="http://www.loc.gov/MARC21/slim">

  <leader>00790nam a22001695i 4500</leader>
  <controlfield tag="001">163799</controlfield>
  <controlfield tag="003">ES-MaACL</controlfield>
  <controlfield tag="005">20230906212820.0</controlfield>
  <controlfield tag="008">050719s1833    sp     | |||||||| ||spa d</controlfield>
  <datafield tag="080" ind1=" " ind2=" ">
    <subfield code="a">616.932-084</subfield>
  </datafield>
  <datafield tag="100" ind1="1" ind2=" ">
    <subfield code="a">Rodr&#xED;guez Nilo, Jos&#xE9; Rom&#xE1;n.</subfield>
    <subfield code="9">131950</subfield>
  </datafield>
  <datafield tag="245" ind1="1" ind2="0">
    <subfield code="a">Noticia sobre el c&#xF3;lera-morbo : </subfield>
    <subfield code="b">sus medios preservativos, primeros socorros y curaci&#xF3;n que conviene a los invadidos por &#xE9;l, publicada en Lisboa en junio de este a&#xF1;o / </subfield>
    <subfield code="c">por Jos&#xE9; Rom&#xE1;n Rodr&#xED;guez Nilo ; traducida por F.S.C.</subfield>
  </datafield>
  <datafield tag="260" ind1=" " ind2=" ">
    <subfield code="a">Sevilla : </subfield>
    <subfield code="b">[s.n.], </subfield>
    <subfield code="c">1833 (</subfield>
    <subfield code="f">Imp. del Diario de Comercio, calle de la Muela)</subfield>
  </datafield>
  <datafield tag="300" ind1=" " ind2=" ">
    <subfield code="a">30 p. ; </subfield>
    <subfield code="c">20 cm.</subfield>
  </datafield>
  <datafield tag="650" ind1=" " ind2="4">
    <subfield code="a">C&#xF3;lera-</subfield>
    <subfield code="x">Prevenci&#xF3;n.</subfield>
    <subfield code="9">139264</subfield>
  </datafield>
  <datafield tag="852" ind1="4" ind2=" ">
    <subfield code="a">ES-MaACL</subfield>
    <subfield code="j">T-131-F-5      </subfield>
    <subfield code="z">- Enc. hol., falto de cub. original</subfield>
    <subfield code="z">- Enc. en un vol. facticio</subfield>
  </datafield>
  <datafield tag="999" ind1=" " ind2=" ">
    <subfield code="c">163799</subfield>
    <subfield code="d">163799</subfield>
  </datafield>
  <datafield tag="952" ind1=" " ind2=" ">
    <subfield code="0">0</subfield>
    <subfield code="1">0</subfield>
    <subfield code="4">0</subfield>
    <subfield code="7">0</subfield>
    <subfield code="8">Colecci&#xF3;n_de_folletos</subfield>
    <subfield code="a">ATENEOM</subfield>
    <subfield code="b">ATENEOM</subfield>
    <subfield code="c">DEPOF</subfield>
    <subfield code="d">2008-01-17</subfield>
    <subfield code="l">0</subfield>
    <subfield code="o">T-131-F-5</subfield>
    <subfield code="p">1171660</subfield>
    <subfield code="r">2023-02-23 00:00:00</subfield>
    <subfield code="w">2023-02-23</subfield>
    <subfield code="y">FOLLETOS</subfield>
  </datafield>
</record>
